Diseño de filtro pasa-banda modulable para aplicaciones en la banda K basado en el circuito equivalente de una estructura DMTL /

Сохранить в:
Библиографические подробности
Главный автор: Bustamante Ruiz, Mauricio (autor)
Формат: Диссертация
Язык:испанский
Предметы:
Метки: Добавить метку
Нет меток, Требуется 1-ая метка записи!

MARC

LEADER 00000nam^a2200000^a^4500
001 000316163
005 20250521000000.0
009 20260310113306.141
037 |a Acervo ITESO - Biblioteca 
041 |a ESP 
090 |a MLD. 7 
100 |a Bustamante Ruiz, Mauricio  |e (autor) 
245 1 0 |a Diseño de filtro pasa-banda modulable para aplicaciones en la banda K basado en el circuito equivalente de una estructura DMTL /  |c M. Bustamante Ruiz. 
264 |a Guadalajara, México :  |b edición de autor,  |c 2011 
300 |a 1 disco compacto de computadora 
336 |a datos para computadora  |b cod  |2 rdacontenido 
337 |a computadora  |b c  |2 rdamedio 
338 |a disco de computadora  |b cd  |2 rdasoporte 
502 |a ITESO Tesis de Maestría en Diseño Electrónico 
649 |a XX 
650 |a Filtros Digitales -  |x Diseño y Construcción -  |x Tema Principal 
650 |a Procesamiento de Señales 
650 |a Modulación (Electrónica) 
650 |a Circuitos Integrados -  |x Simulación por Computadora 
650 |a Electrónica Digital 
650 |a Ingeniería Electrónica 
910 |a Fondo General 
920 |a Electrónicos - Tesis del ITESO en Disco 
905 |a 202 
901 |a 0500203041  |b IT2  |c STS  |i D57039  |u 20250521 
902 |a https://opac.biblio.iteso.mx/vufind/Record/000316163